Discussions A-Z intermediate: a resource book of speaking activities
Guardado en:
| Autor principal: | |
|---|---|
| Formato: | Libro |
| Lenguaje: | inglés |
| Publicado: |
Cambridge
University of Cambridge
1997
|
| Colección: | Cambridge Copy Collection
|
| Materias: | |
| Etiquetas: |
Agregar Etiqueta
Sin Etiquetas, Sea el primero en etiquetar este registro!
|
MARC
| LEADER | 00000nam a2200000 a 4500 | ||
|---|---|---|---|
| 001 | UCL9851 | ||
| 003 | CL-VaPUC | ||
| 008 | 040827e19970000uk |||||||||||||||||eng|d | ||
| 020 | |a 0521559812 | ||
| 082 | 0 | 4 | |a 372.6521 |b WAL |2 21 |
| 100 | 0 | |a Wallwork, Adrian |e author |9 487774 | |
| 245 | 1 | 0 | |a Discussions A-Z intermediate: a resource book of speaking activities |
| 300 | |a 113 P | ||
| 942 | |c BK | ||
| 945 | |d 20040827 00:00:00 |a cmena | ||
| 260 | |a Cambridge |b University of Cambridge |c 1997 | ||
| 500 | |a Complementario con cassette | ||
| 650 | 0 | |a Enseñanza del inglés |9 367340 | |
| 650 | 0 | |a Métodos de enseñanza |9 270413 | |
| 650 | 0 | |a Educación básica |9 224933 | |
| 583 | |a last modification |c 20171220 05:58:47 |k Rodrigo Vera | ||
| 490 | 0 | |a Cambridge Copy Collection | |
| 999 | |c 310494 |d 310492 | ||
| 952 | |0 0 |1 0 |4 0 |6 372_652100000000000_WAL_1997 |7 0 |8 A |9 379030 |a BIBEDU |b BIBEDU |d 2019-11-21 |i 4051750 |o 372.6521 WAL 1997 |p 4051750 |r 2019-11-21 |w 2019-11-21 |y BK |k LIT | ||